Most Searched Wikipedia Pages (People) 1-20 - Statistics

General Stats
  • This quiz has been taken 43 times
  • The average score is 18 of 20
Answer Stats
Picture Hint Answer % Correct
Rank: 7 Adolf Hitler
100%
Rank: 2 Barack Obama
100%
Rank: 1 Donald Trump
100%
Rank: 3 Queen Elizabeth II
100%
Rank: 6 Eminem
98%
Rank: 9 The Beatles
98%
Rank: 8 Cristiano Ronaldo
95%
Rank: 18 Darth Vader
95%
Rank: 17 Dwayne Johnson
95%
Rank: 10 Justin Bieber
95%
Rank: 4 Michael Jackson
95%
Rank: 11 Steve Jobs
95%
Rank: 5 Lady Gaga
93%
Rank: 13 Kim Kardashian
88%
Rank: 16 Stephen Hawking
88%
Rank: 19 Taylor Swift
86%
Rank: 15 Lionel Messi
81%
Rank: 20 Miley Cyrus
74%
Rank: 12 Freddie Mercury
71%
Rank: 14 Michael Jordan
71%
No matching quizzes found
Score Distribution
Percent of People with Each Score
Percentile by Number Answered
Your Score History
You have not taken this quiz